01389nam a2200241Ia 4500001001100000003001000011008004100021040002500062041001300087100002000100245005900120250001100179260006200190300001200252500026000264501011400524520026000638650003200898942000700930957000600937999004200943952016200985L540-26060IT-CnALBA170116s9999||||xx |||||||||||||| ||und|| aIT-CnALBAcIT-CnALBA aITALIANO aRESTAINO SILVIA 0aCHIMICA E MINERALOGIA. PER LE SCUOLE MEDIE SUPERIORI.  a1a ed. a TO BO CT PAbSOCIETÀ ED. INTER. c1953 [1° Ed.: n.d.] a350 p.  aDONO DI BRUNO TOMMASO, SSP. V RISTAMPA. INDICE ANALITICO. CLASSIFICAZIONE. NOMENCLATURA CHIMICA. LEGGI DELLE CHIMICA. CRISTALLOGRAFIA. CHIMICA INORGANICA E MINERALOGIA DESCRITTIVA. METALLOIDI. METALLI. CHIMICA ORGANICA. ALCOLI. ACIDI. COMPOSTI E FUSIONE M aSocietà San Paolo EM - Piazza San Paolo, 14 - 12051 ALBA (CN) (non commercial uses only) ® Copyright 2017 aDONO DI BRUNO TOMMASO, SSP. V RISTAMPA. INDICE ANALITICO. CLASSIFICAZIONE. NOMENCLATURA CHIMICA. LEGGI DELLE CHIMICA. CRISTALLOGRAFIA. CHIMICA INORGANICA E MINERALOGIA DESCRITTIVA. METALLOIDI. METALLI. CHIMICA ORGANICA. ALCOLI. ACIDI. COMPOSTI E FUSIONE M aCHIMICA E SCIENZE COLLEGATE cBK 71 a30847bNOg Copie: 1 c285173d285173 0010406L_5402606071aALBAbALBAd2017-01-16l0oL540-26060r2017-01-16 00:00:00w2017-01-16yBKz(data import: 16 gennaio 2017) - By Epidotti, Vaglietti.